| 000 | 01116cab a2200265 4500 | ||
|---|---|---|---|
| 001 | ABS46605 | ||
| 008 | 090401t1992 xxu||||| |||| 00| 0 eng d | ||
| 035 | _a(Sirsi) u58842 | ||
| 041 | _aeng | ||
| 100 | _aSherriff, G. | ||
| 245 | _aTrusts of service charge receipts | ||
| 260 | _c1992 | ||
| 350 | _a0 | ||
| 490 |
_aEstates Gazette _v(9222) 6 June 1992, 84-85(2) |
||
| 520 | _aLandlord and Tenant Act 1987 s42 requires payments made by tenants of dwellings in respect of service charges to be held on trust. The provisions do not apply to business leases. This article provides practical guidance for landlords, tenants and managing agents concerned with property subject to residential tenancies. | ||
| 650 | _aLANDLORD AND TENANT ACT 1987 S42 | ||
| 650 | _aPROPERTY-RESIDENTIAL PROPERTY-RESIDENTIAL LANDLORD AND TENANT-RESIDENTIAL TENANCIES | ||
| 650 | _aSERVICE CHARGES | ||
| 650 | _aTRUST ACCOUNTS | ||
| 650 | _aTRUSTEE ACT 1925 S37 | ||
| 650 | _aTRUSTEES | ||
| 690 | _aPROPERTY-RESIDENTIAL PROPERTY-RESIDENTIAL LANDLORD AND TENANT-RESIDENTIAL TENANCIES | ||
| 942 | _n0 | ||
| 948 | _c04/03/1997 | ||
| 999 |
_c35984 _d35984 |
||